Francfort - Choix multiples - Statistiques

Statistiques générales
  • Ce quiz a été pris 45 fois
  • Le résultat moyen est 8 sur 10
Statistiques - réponses
Question Réponse % Correct
Quelle est la spécialité culinaire de Francfort ? La saucisse de Francfort
100%
Francfort a le plus grand _____ d'Allemagne, et le quatrième d'Europe. Aéroport
92%
Quelle institution européenne majeure siège à Francfort ? La Banque centrale européenne
92%
Quel est le nom complet de la ville, du nom de la rivière qui la traverse ? Francfort-sur-le-Main
89%
Quelle compagnie aérienne a pour hub principal l'aéroport international de Francfort ? Lufthansa
89%
À quel État a appartenu Francfort pendant près de 800 ans ? Le Saint-Empire romain germanique
82%
De quand date le traité de Francfort, mettant fin à la guerre franco-prussienne et prévoyant l'annexion de l'Alsace-Moselle ? 1871
76%
Quelle ville est finalement désignée capitale de l'Allemagne de l'Ouest en 1949, au détriment de Francfort ? Bonn
74%
Francfort en compte plus que toutes les autres villes allemandes réunies. Quoi donc ? Des grattes-ciels
66%
Dans quel Land se situe Francfort ? La Hesse
42%
Aucun quiz correspondant
Distribution des résultats
% des personnes avec chaque résultat
Percentile par nombre de réponses
Votre historique - résultats
Vous n’avez pas pris ce quiz